Digitalização e otimização do acervo : (Record no. 1501)

MARC details
000 -LÍDER
Campo Fixo de Controle 00803nam a2200217 a 4500
001 - NÚMERO DE CONTROLE
Campo de Controle 1501
003 - IDENTIFICAÇÃO DO NÚMERO DE CONTROLE
Campo de Controle BR-CuiBMT
005 - DATA E HORA DA ÚLTIMA ATUALIZAÇÃO
Campo de Controle 20231220014415.0
008 - DADOS FIXOS
Dados Fixos 231212s2015 mtba 000 0 por d
040 ## - AGÊNCIA CATALOGADORA
Código da Agência Catalogadora BR-CuiBMT
Agência que transcreveu o registro BR-CuiBMT
080 ## - Nº DA CLASSIFICAÇÃO DECIMAL UNIVERSAL
Nº edição CDU 2007
Subd. Auxiliar Comum (047)
Nº Class. CDU 351.94:336.148
090 ## - NÚMERO DE CHAMADA
Complemento TCE/MT
Nº classificação 351.94:336.148(047)
Cutter M433d
110 1# - ENTRADA PRINCIPAL -- ENTIDADE
Nome da entidade ou lugar Mato Grosso.
Unidade subordinada Tribunal de Contas.
245 10 - TÍTULO PRINCIPAL
Título principal Digitalização e otimização do acervo :
Subtítulo relatório final do projeto /
Indicação de responsabilidade Tribunal de Contas de Mato Grosso.
260 ## - PUBLICAÇÃO, DISTRIBUIÇÃO, ETC.
Local de publicação Cuiabá :
Editora TCE-MT,
Data 2015.
300 ## - DESCRIÇÃO FÍSICA
N. páginas ou volumes [50 p.] :
Ilustrações il. ;
Dimensões 29 cm
610 1# - ASSUNTO -- ENTIDADE
Nome da Entidade ou lugar Mato Grosso.
Unidade subordinada Tribunal de Contas
Subdivisão geral Acervo documental
650 ## - ASSUNTO TÓPICO
Cabeçalho tópico ou nome geográfico Digitalização acervo fisico
Subdivisão geral Tribunal de contas
Subdivisão geográfica Mato Grosso
650 ## - ASSUNTO TÓPICO
Cabeçalho tópico ou nome geográfico Gestão documental
Subdivisão geral Tribunal de contas
Subdivisão geográfica Mato Grosso
942 ## - ELEMENTOS DE ENTRADA ADICIONAIS (KOHA)
Fonte de classificação ou esquema de arquivamento Classificação Decimal Universal
Tipo de item do Koha Livros
Holdings
Estado: removido Estado: perdido Fonte de classificação ou esquema de arquivamento Estado: danificado Indisponível para empréstimo Localização permanente Localização atual Data de aquisição Total Checkouts Número de Chamada completo Código de barras Date last seen Número do exemplar Preço efetivo a partir de Tipo de item (Koha)
    Classificação Decimal Universal     Biblioteca da Escola Superior de Contas do TCE/MT Biblioteca da Escola Superior de Contas do TCE/MT 12/12/2023   TCE/MT 351.94:336.148(047) T822d BIBTCEMT23120406 12/12/2023 Ex. 1 12/12/2023 Livros

Powered by Koha